Gilbert & George.

Đã lưu trong:
Chi tiết về thư mục
Định dạng: Sách
Ngôn ngữ:Tiếng Anh
Được phát hành: London : Tate Publishing, 2007
Các nhãn: Thêm thẻ
Không có thẻ, Là người đầu tiên thẻ bản ghi này!

MARC

LEADER 00000nam a22000007ic4500
001 IT\ICCU\TO0\1609496
003 ItRI
005 20260115232447.0
008 070717s2007 xxk|||||| ||||| |||||c
040 |b ita  |c importazione bologna sebina 
041 7 |a eng  |2 ISO-639-2 
245 0 0 |a Gilbert & George. 
260 |a London :  |b Tate Publishing,  |c 2007 
300 |a 619 p. :  |b in gran parte ill. ;  |c 27x32 cm. 
773 0 |w IT\ICCU\TO0\1609495  |t Gilbert & George  |g 11 
942 |2 ddc  |c BK  |n 0 
952 |0 0  |1 0  |4 0  |6 DOC_709_200000000000000_GIL  |7 0  |9 26135  |a BO  |b BO  |d 2026-01-15  |i 11492  |l 0  |o DOC 709.2 GIL  |p BO11492  |r 2026-01-15 23:24:47  |w 2026-01-15  |x [Sebina 7] [v. 1-2]  |y BK  |z v. 1 
999 |c 22121  |d 22121